000 00519nam a2200181Ia 4500
008 090124s9999 xx 000 0 und d
082 _b24848
100 _aकाऴे वैज़यंती
245 _a तडा
250 _a1
260 _bराजेन्द्र पब्लिकेशन्स्
_c1986
300 _a158
600 _aकाऴे वैज़यंती
630 _a तडा
700 _aकाऴे वैज़यंती
730 _a तडा
942 _cBOOK
999 _c93324
_d93324